Praktikum z občianskeho práva, z rodinného práva a z práva duševného vlastníctva
Uložené v:
| Hlavný autor: | |
|---|---|
| Ďalší autori: | |
| Médium: | Kniha |
| Jazyk: | Slovak |
| Vydavateľské údaje: |
Praha
C. H. Beck
2011
|
| Edícia: | Beckova edícia Právnické učebnice
|
| Predmet: | |
| Tagy: |
Žiadne tagy, Buďte prvý, kto otaguje tento záznam!
|
MARC
| LEADER | 00000nam a2200000 4500 | ||
|---|---|---|---|
| 001 | 0172053 | ||
| 005 | 20240315114638.6 | ||
| 020 | |a 978-80-7400-384-4 | ||
| 041 | 0 | |a slo | |
| 044 | |a CZ | ||
| 245 | 1 | 0 | |a Praktikum z občianskeho práva, z rodinného práva a z práva duševného vlastníctva |c Denisa Dulaková, Romana Smyčková a kolektív |
| 264 | 1 | |a Praha |b C. H. Beck |c 2011 | |
| 300 | |a xx, 674 s. | ||
| 490 | 1 | |a Beckova edícia Právnické učebnice | |
| 830 | 0 | |a Beckova edícia Právnické učebnice | |
| 610 | 2 | 0 | |a právo občianske |
| 610 | 2 | 0 | |a právo rodinné |
| 610 | 2 | 0 | |a právo vlastnícke |
| 610 | 2 | 0 | |a vlastníctvo duševné |
| 100 | 1 | |a Dulaková, Denisa | |
| 700 | 1 | |a Smyčková, Romana | |